UBT Library

Focus pharmaology essentials for health professionals: (Record no. 2384)

000 -LEADER
fixed length control field 00358nam a22001337a 4500
008 - FIXED-LENGTH DATA ELEMENTS--GENERAL INFORMATION
fixed length control field 160523b xx9780131716421u||||| |||| 00| 0 eng d
020 ## - INTERNATIONAL STANDARD BOOK NUMBER
International Standard Book Number 9780131716421
020 ## - INTERNATIONAL STANDARD BOOK NUMBER
International Standard Book Number 9780131716421
020 ## - INTERNATIONAL STANDARD BOOK NUMBER
International Standard Book Number 0131716425
041 ## - LANGUAGE CODE
Language code of text/sound track or separate title eng
080 ## - UNIVERSAL DECIMAL CLASSIFICATION NUMBER
Universal Decimal Classification number 615
245 ## - TITLE STATEMENT
Title Focus pharmaology essentials for health professionals:
Statement of responsibility, etc Jahangir Moini;
942 ## - ADDED ENTRY ELEMENTS (KOHA)
Source of classification or shelving scheme
Item type Books
Holdings
Withdrawn status Lost status Source of classification or shelving scheme Damaged status Not for loan Collection code Permanent location Current location Shelving location Date acquired Total Checkouts Full call number Barcode Date last seen Price effective from Koha item type
          Koleksioni i përgjithshem UBT - Lipjan UBT - Lipjan Koleksioni i përgjithshem 05/23/2016   615 MOI 002-035653 05/23/2016 05/23/2016 Books
UBT Library © 2015-2024. All rights reserved University Education for Business and Technology